Management policy and strategy : text, readings, and cases /
Guardado en:
| Otros Autores: | , |
|---|---|
| Formato: | Libro |
| Idioma: | English |
| Publicado: |
New York :
Macmillan Publishing Company,
c1977.
|
| Materias: | |
| Etiquetas: |
Agregar Etiqueta
Sin Etiquetas, Sea el primero en etiquetar este registro!
|
| LEADER | 00954cam a22002535a 4500 | ||
|---|---|---|---|
| 001 | EAD.ead002909 | ||
| 008 | 760503s1977####nyua#####b####001#0#eng## | ||
| 005 | 20110831155507.0 | ||
| 245 | 0 | 0 | |a Management policy and strategy : |b text, readings, and cases / |c George A. Steiner, John B. Miner. |
| 260 | |a New York : |b Macmillan Publishing Company, |c c1977. | ||
| 300 | |a x, 1014 p. : |b il. ; |c 24 cm. | ||
| 500 | |a Text portion, by G.A. Steiner and J.B. Miner, published separately, with minor alterations. | ||
| 504 | |a Incluye referencias bibliográficas e índices (p. 965-996). | ||
| 020 | |a 0024167509 | ||
| 700 | 1 | |a Steiner, George Albert, |d 1912- | |
| 700 | 1 | |a Miner, John B. | |
| 082 | 0 | 0 | |a 658.4 |
| 082 | 0 | 4 | |a 658.4012 |2 21 |
| 650 | 7 | |a Planificación empresarial. |2 21 | |
| 650 | 7 | |a Estudios de casos. |2 21 | |
| 010 | |a 76016800 | ||
| 040 | |a DLC |c DLC |d DLC | ||
| 050 | 0 | 0 | |a HD31 |b .S6888 |
| 859 | |a AR-BaBDC |b BIB. ADMINISTRACION - Libros |h 658.4012 |i St35-1 |p b01184 | ||
